Score 0/30 Timer 06:00
3 Plays Today
% Correct
Shield
89.7%
Wand
86.8%
Bullwhip
84.4%
Hammer
81.7%
Batarang
80.8%
Slingshot
79.6%
Longbow
79.3%
Lightsaber
77.9%
Straight Razor
76.9%
Lasso
75.9%
Wooden Stake
72.8%
Chainsaw
72.1%
Phaser
70.2%
Axe
66.1%
'A Laser'
66%
% Correct
Nunchaku
64%
Machete
60.3%
Frying Pan
60%
Sonic Screwdriver
58.1%
De-Atomizer
56%
Proton Pack
55%
Crossbow
53%
Cricket Bat
52.4%
Katana
43.6%
Trident
42.4%
Bat'leth
41.2%
Sai
39.2%
Kunai
31.4%
Crowbar
31.1%
Meteor Hammer
16%
Come Together.
Have Fun.
All Virtual.
We all need to come together. Play Sporcle's virtual live trivia to have fun, connect with people, and get your trivia on. Join a live hosted trivia game for your favorite pub trivia experience done virtually. If a virtual private party is more your thing, go here for details.

You're not logged in!

Compare scores with friends on all Sporcle quizzes.
OR
Log In

Sporcle TV

Today on Sporcle TV


Watch our educational content, quiz creation guides, and fun videos on Sporcle TV.

Show Comments

Extras

Top Quizzes Today


Score Distribution

Paid Content

Your Account Isn't Verified!

In order to create a playlist on Sporcle, you need to verify the email address you used during registration. Go to your Sporcle Settings to finish the process.

Report this User

Report this user for behavior that violates our Community Guidelines.

Details: